00584nam a2200181Ia 4500003000900000005001700009008004100026040001600067080001600083245009100099260002100190650002100211650001800232700002800250942001200278999001300290952009900303IN-BaIIA20250703112558.0211028s9999 xx 000 0 eng d cIIA Library a550.38bJOY 0aInternational association of terestiral magnetism and electriciycedited by J. W. Joes aWashingtonc1950 aElectriciy92124 aMagnetism956 aJoyes, J. W., ed.92125 cBK2ddc c983d983 00102ddc4070aBANbKODcGENd0000-00-00l0o550.38/ JOYp1023r2021-11-05w0000-00-00yBKG